| 000 | 00931nam a2200217Ia 4500 | ||
|---|---|---|---|
| 001 | 10330 | ||
| 003 | GE_BSU | ||
| 008 | 181216s||||||||xx |||||||||||||| ||und|| | ||
| 040 | _cGE_BSU | ||
| 080 | _a821.353.1+821.353.1-32 | ||
| 245 | _aქართული მწერლობა:ოცდაათ ტომად.ტ2 | ||
| 245 | _bXI-XII საუკუნეთა მწერლობა | ||
| 245 | _cშემდგ.ა.ბაქრაძე,რ.თვარაძე,სარედ.კოლ.ა.ბაქრაძე და სხვ. ტომის რედ.ლ.გრიგოლაშვილი.მხატვ.გ.ღლონტი | ||
| 260 | _aთბილისი | ||
| 260 | _bნაკადული | ||
| 260 | _c1987 | ||
| 300 | _a574გვ. | ||
| 653 | _aXI-XII საუკუნეთა მწერლობა | ||
| 653 | _aქართული მწერლობა | ||
| 942 | _cBK | ||
| 999 |
_c43596 _d43596 |
||